[Event "ICS rated bullet match"]
[Site "204.178.125.65"]
[Date "2000.04.04"]
[Round "?"]
[White "PostModernist"]
[Black "Hossa"]
[Result "1/2-1/2"]
[WhiteElo "2516"]
[BlackElo "2393"]
[PlyCount "221"]

1. d4 d5 2. Nf3 Nf6 3. e3 e6 4. Bd3 c5 5. O-O c4 6. Be2 Nc6 7. Nbd2 Bd6 8. c3
b5 9. a4 b4 10. cxb4 Bxb4 11. Ne5 Nxe5 12. dxe5 Nd7 13. Nf3 Qc7 14. Qd4 Nc5 15.
Bd1 Ne4 16. Bc2 Bc5 17. Qd1 O-O 18. Bxe4 dxe4 19. Nd2 Qxe5 20. Nxc4 Qg5 21. Bd2
Ba6 22. Qc2 Qd5 23. b3 Qd3 24. Rfc1 Rfd8 25. b4 Bb6 26. b5 Bb7 27. Ba5 Bxa5 28.
Nxa5 Rd7 29. Nxb7 Qxc2 30. Rxc2 Rxb7 31. Rd1 f5 32. h4 Rab8 33. Rc6 Kf7 34. Kh2
g6 35. Kg3 h6 36. Rdd6 Re7 37. b6 axb6 38. Rxb6 Rxb6 39. Rxb6 Ra7 40. Rb4 e5
41. Kh3 Ke6 42. h5 gxh5 43. Kh4 Kd6 44. Kxh5 Ra6 45. g4 fxg4 46. Rxe4 Kd5 47.
Rb4 Rf6 48. Rxg4 Rxf2 49. Kxh6 Rf3 50. a5 Rxe3 51. a6 Ra3 52. Rg6 e4 53. Kg7 e3
54. Kf7 Ra2 55. Re6 e2 56. Ke7 Kd4 57. Kf7 Kd3 58. Rd6+ Ke3 59. Re6+ Kf2 60.
Rf6+ Ke1 61. Rd6 Ra5 62. Ke8 Kf2 63. Rf6+ Ke3 64. Re6+ Kd2 65. Rd6+ Kc2 66.
Rc6+ Kd3 67. Rd6+ Ke4 68. Re6+ Kf3 69. Rf6+ Kg3 70. Re6 Ra2 71. a7 Kf2 72. Rf6+
Ke3 73. Re6+ Kd3 74. Rd6+ Kc3 75. Rc6+ Kd2 76. Rd6+ Ke1 77. Rd7 Kf2 78. Rf7+
Ke3 79. Re7+ Kd2 80. Rd7+ Kc2 81. Rc7+ Kd1 82. Rd7+ Ke1 83. Rf7 Ra6 84. Kf8 Ra4
85. Rd7 Kf2 86. Rf7+ Kg2 87. Rg7+ Kf3 88. Rf7+ Ke3 89. Re7+ Kd2 90. Rd7+ Ke1
91. Re7 Ra1 92. Rg7 Kd2 93. Rd7+ Ke3 94. Re7+ Kf3 95. Rf7+ Kg2 96. Rg7+ Kf2 97.
Rf7+ Kg1 98. Rg7+ Kf1 99. Rf7+ Kg2 100. Rg7+ Kf2 101. Rf7+ Kg1 102. Rg7+ Kf1
103. Rf7+ Ke1 104. Rc7 Kd1 105. Rd7+ Kc2 106. Rc7+ Kd3 107. Rd7+ Ke4 108. Re7+
Kd3 109. Rd7+ Ke4 110. Re7+ Kd3 111. Rd7+ 1/2-1/2

[Event "ICS rated bullet match"]
[Site "204.178.125.65"]
[Date "2000.04.04"]
[Round "?"]
[White "Hossa"]
[Black "PostModernist"]
[Result "0-1"]
[WhiteElo "2398"]
[BlackElo "2511"]
[PlyCount "156"]
[EventDate "2000.??.??"]

1. e4 c5 2. Nf3 d6 3. d4 Nf6 4. Nc3 cxd4 5. Nxd4 e6 6. g4 e5 7. Bb5+ Bd7 8.
Bxd7+ Qxd7 9. Nf5 h5 10. gxh5 Nxe4 11. Nxg7+ Bxg7 12. Nxe4 d5 13. h6 dxe4 14.
hxg7 Rg8 15. Rg1 Qh3 16. Qg4 Qxg4 17. Rxg4 f5 18. Rg1 Nc6 19. Be3 Rd8 20. Rd1
Kf7 21. Rxd8 Nxd8 22. Bxa7 Ne6 23. h4 Rxg7 24. Rh1 Kf6 25. Bb6 Nf4 26. Be3 Ng2+
27. Ke2 f4 28. Bd2 Rd7 29. Rh3 Ke6 30. Rh1 Kf6 31. h5 Ke6 32. h6 f3+ 33. Kd1
Rh7 34. Rh5 Nf4 35. Bxf4 exf4 36. Kd2 e3+ 37. Ke1 Kf6 38. Rh3 Kg5 39. Rxf3
exf2+ 40. Rxf2 Rxh6 41. Rg2+ Kf5 42. Rg7 Re6+ 43. Kf2 b6 44. a4 Rh6 45. Kf1 Re6
46. Ra7 Ke4 47. a5 bxa5 48. Rxa5 Rc6 49. c3 Rh6 50. b3 Rh3 51. Rc5 f3 52. Kf2
Rh2+ 53. Kg3 Rg2+ 54. Kh3 Rg1 55. Rc4+ Ke3 56. Rc6 f2 57. Rf6 f1=Q+ 58. Rxf1
Rxf1 59. Kg4 Rb1 60. b4 Kd3 61. Kf5 Kxc3 62. Ke5 Kxb4 63. Kd5 Rd1+ 64. Ke5 Kb5
65. Kf5 Rd6 66. Kg5 Kc4 67. Kf5 Kd4 68. Kf4 Rd5 69. Kf3 Rf5+ 70. Kg4 Ke4 71.
Kg3 Rf6 72. Kg4 Rg6+ 73. Kh5 Kf5 74. Kh4 Kf4 75. Kh3 Rg5 76. Kh4 Rc5 77. Kh3
Rc2 78. Kh4 Rh2# 0-1

[Event "ICS rated blitz match"]
[Site "204.178.125.65"]
[Date "2000.04.04"]
[Round "?"]
[White "PostModernist"]
[Black "Hossa"]
[Result "0-1"]
[WhiteElo "2574"]
[BlackElo "2478"]
[PlyCount "172"]

1. e4 e5 2. d4 exd4 3. Nf3 Bc5 4. Bc4 Nc6 5. c3 Na5 6. cxd4 Bb4+ 7. Bd2 Nxc4 8.
Bxb4 a5 9. Qe2 b5 10. b3 axb4 11. bxc4 bxc4 12. Qxc4 Bb7 13. Nbd2 Nf6 14. Ng5
O-O 15. Qxb4 Rb8 16. Qa3 h6 17. Ngf3 Nxe4 18. Nxe4 Bxe4 19. O-O Re8 20. Rfe1
Ra8 21. Qc5 Ra4 22. Qb5 Bc6 23. Qb3 Rxe1+ 24. Rxe1 Ra5 25. Re5 Ba4 26. Qb4 Ra8
27. Qc4 c6 28. h3 d6 29. Re3 Bb5 30. Qc2 Qd7 31. a3 Ra4 32. g4 Qd8 33. Qf5 Ra8
34. h4 Ra5 35. g5 Be2 36. Qf4 Bxf3 37. Rxf3 Qe7 38. gxh6 Rh5 39. Rg3 g6 40. Re3
Rxh4 41. Rxe7 Rxf4 42. Re3 Rxd4 43. Rh3 Kh7 44. Kf1 Rd1+ 45. Ke2 Ra1 46. Rc3 c5
47. Rh3 d5 48. f4 c4 49. Kd2 d4 50. Kc2 Re1 51. Rh2 Re4 52. Kb2 Rxf4 53. a4 g5
54. a5 Rf5 55. Ka3 Rxa5+ 56. Kb4 Ra6 57. Kxc4 Rxh6 58. Rg2 Kg6 59. Kxd4 f5 60.
Re2 Rh1 61. Re6+ Kh5 62. Re2 Kg4 63. Rg2+ Kf3 64. Rxg5 f4 65. Rf5 Kg3 66. Rg5+
Kf2 67. Ke4 f3 68. Rf5 Rh3 69. Kd3 Kf1 70. Rg5 f2+ 71. Kd4 Ke2 72. Re5+ Kd2 73.
Rf5 Rh4+ 74. Ke5 Ke3 75. Rxf2 Kxf2 76. Ke6 Rd4 77. Ke7 Kg3 78. Ke6 Kf4 79. Kf7
Re4 80. Kf6 Kg4 81. Kg6 Rf4 82. Kh7 Kh5 83. Kg7 Kg5 84. Kh7 Kf6 85. Kg8 Rh4 86.
Kf8 Rh8# 0-1

[Event "ICS rated blitz match"]
[Site "204.178.125.65"]
[Date "2000.04.04"]
[Round "?"]
[White "Hossa"]
[Black "fahmi"]
[Result "1-0"]
[WhiteElo "2498"]
[BlackElo "2222"]
[PlyCount "43"]

1. e4 d5 2. exd5 Nf6 3. d4 Bg4 4. Be2 Bxe2 5. Qxe2 Qxd5 6. Nf3 Nc6 7. c4 Qh5 8.
d5 Nb8 9. Nc3 a6 10. Bf4 Qg4 11. Bxc7 Qxg2 12. Rg1 Qh3 13. Bd6 Qd7 14. Be5 Ng4
15. Bd4 h5 16. Ne4 e6 17. h3 Nh6 18. Bxg7 Bxg7 19. Rxg7 Kf8 20. Rg5 Nf5 21.
O-O-O Qa4 22. dxe6 1-0

[Event "ICS rated blitz match"]
[Site "204.178.125.65"]
[Date "2000.04.04"]
[Round "?"]
[White "Hossa"]
[Black "PostModernist"]
[Result "0-1"]
[WhiteElo "2503"]
[BlackElo "2554"]
[PlyCount "110"]

1. e4 c6 2. d4 d5 3. Nc3 dxe4 4. Nxe4 Nd7 5. Ng5 Nb6 6. Bd3 g6 7. N1f3 Bg7 8.
O-O Nh6 9. c3 O-O 10. Ne4 Nf5 11. Be2 Qd5 12. Qc2 Nd6 13. Nc5 Bf5 14. Qd1 Rfd8
15. Bf4 Rab8 16. Nh4 Bc8 17. Bf3 Qc4 18. Qe1 Bf6 19. b3 Qxf1+ 20. Qxf1 Bxh4 21.
Bh6 Bf6 22. Qc1 Nd5 23. a4 b6 24. Ne4 Nxe4 25. Bxe4 Be6 26. a5 bxa5 27. Ra3 Rb6
28. Qb2 c5 29. Rxa5 cxd4 30. cxd4 Rb4 31. Qc2 Rxd4 32. Bf3 Nb4 33. Qb1 a6 34.
Be2 Bg7 35. Bxg7 Kxg7 36. Kf1 R8d6 37. Qb2 f6 38. Qc3 Rf4 39. Qc7 Kf7 40. Ra3
Rh4 41. Kg1 Re4 42. Bf1 Rd1 43. f3 Ree1 44. Kf2 Rxf1+ 45. Kg3 h5 46. h4 g5 47.
Qb8 gxh4+ 48. Kxh4 Rh1+ 49. Qh2 Rxh2+ 50. Kg3 Rhh1 51. Kf2 Rde1 52. Ra4 h4 53.
g3 Rhf1+ 54. Kg2 h3+ 55. Kh2 Rh1# 0-1

[Event "ICS rated blitz match"]
[Site "204.178.125.65"]
[Date "2000.04.04"]
[Round "?"]
[White "PostModernist"]
[Black "Hossa"]
[Result "0-1"]
[WhiteElo "2568"]
[BlackElo "2489"]
[PlyCount "154"]

1. d4 d5 2. Nf3 Nf6 3. e3 e6 4. Bd3 c5 5. c3 Nc6 6. O-O Be7 7. Nbd2 O-O 8. Qe2
Bd6 9. b3 e5 10. dxe5 Nxe5 11. Nxe5 Bxe5 12. Bb2 Re8 13. Nf3 Bg4 14. h3 Bxf3
15. Qxf3 Qd6 16. g3 Ne4 17. Rfc1 Qd7 18. Qg4 f5 19. Qe2 Qd6 20. Qf3 g6 21. Rc2
Bg7 22. Rd1 Rad8 23. Bb5 Re7 24. Rxd5 Qxd5 25. Bc4 Qxc4 26. bxc4 Rd3 27. g4 Nd2
28. Qe2 Red7 29. gxf5 gxf5 30. Qh5 Rf7 31. Qd1 Rfd7 32. Rc1 R3d6 33. Kh1 Ne4
34. Qf3 Rd2 35. Qxf5 Nxf2+ 36. Kg1 Rf7 37. Qc8+ Bf8 38. Rb1 Rg7+ 39. Kh2 Nxh3+
40. Kxh3 Rd6 41. Qg4 Rh6+ 42. Qh4 Rxh4+ 43. Kxh4 Rg2 44. Kh3 Re2 45. Kg4 Rxe3
46. Kf4 Bh6+ 47. Kf5 Re2 48. a3 Bg7 49. Ba1 b6 50. Kf4 Rc2 51. Ke3 h5 52. Kd3
Rg2 53. Ke4 h4 54. Kf3 Rg3+ 55. Ke4 Bxc3 56. Rd1 Bxa1 57. Rxa1 Rc3 58. Kd5 Rd3+
59. Kc6 h3 60. Kb7 h2 61. Rh1 Rd7+ 62. Kb8 Rh7 63. Ka8 a6 64. a4 a5 65. Kb8 Kf8
66. Kc8 Ke8 67. Kb8 Kd8 68. Rd1+ Ke7 69. Kc7 h1=Q 70. Rxh1 Rxh1 71. Kxb6 Kd6
72. Kb5 Rh8 73. Kb6 Rb8+ 74. Ka7 Kc7 75. Ka6 Kc6 76. Ka7 Rc8 77. Ka6 Ra8# 0-1

[Event "ICS unrated blitz match"]
[Site "204.178.125.65"]
[Date "2000.04.04"]
[Round "?"]
[White "Hossa"]
[Black "Insania"]
[Result "0-1"]
[WhiteElo "2509"]
[BlackElo "2642"]
[PlyCount "104"]

1. e4 c5 2. Nf3 Nc6 3. d4 cxd4 4. Nxd4 d5 5. Nxc6 bxc6 6. exd5 Qxd5 7. Qxd5
cxd5 8. Bb5+ Bd7 9. Bxd7+ Kxd7 10. O-O e6 11. b3 Rc8 12. Be3 Rxc2 13. Bxa7 Bd6
14. a4 Nf6 15. Bd4 e5 16. Be3 Rb8 17. Rc1 Rxc1+ 18. Bxc1 Ne4 19. f3 Nc5 20. Nd2
Nxb3 21. Nxb3 Rxb3 22. a5 Bc5+ 23. Kf1 Bd4 24. a6 Rb8 25. a7 Ra8 26. Ra5 Rxa7
27. Rxa7+ Bxa7 28. Ke2 f5 29. Bb2 Ke6 30. h3 g6 31. Bc1 d4 32. g4 e4 33. Bg5
d3+ 34. Kd2 Kd5 35. gxf5 gxf5 36. h4 Kc4 37. fxe4 fxe4 38. h5 e3+ 39. Ke1 Kc3
40. Kd1 e2+ 41. Ke1 Bb8 42. Kf2 Kb2 43. Bf6+ Kc2 44. Bg5 Kd1 45. Ke3 e1=Q+ 46.
Kxd3 Qe2+ 47. Kc3 Qe5+ 48. Kb4 Qxg5 49. Kc4 Kc2 50. h6 Bd6 51. Kd4 Qd2+ 52. Ke4
Qd3# 0-1

[Event "ICS Rated standard match"]
[Site "204.178.125.65"]
[Date "2000.04.04"]
[Round "?"]
[White "Hossa"]
[Black "PostModernist"]
[Result "1/2-1/2"]
[WhiteElo "2292"]
[BlackElo "2360"]
[PlyCount "213"]

1. e4 c6 2. d4 d5 3. Nc3 dxe4 4. Nxe4 Nd7 5. Ng5 Nb6 6. Bd3 g6 7. N1f3 Bg7 8.
O-O Nh6 9. c3 O-O 10. Ne4 Nf5 11. Ne5 Bxe5 12. dxe5 Qd5 13. Bf4 Nc4 14. Bxc4
Qxe4 15. Qa4 Be6 16. Bb3 Qxa4 17. Bxa4 Rad8 18. Rfd1 f6 19. Bc2 g5 20. Bxf5
Bxf5 21. Be3 b6 22. a4 h6 23. a5 Rxd1+ 24. Rxd1 bxa5 25. exf6 exf6 26. Bxa7 Re8
27. Bd4 Re2 28. b4 axb4 29. cxb4 Bc2 30. Rc1 f5 31. f3 Kf7 32. Ra1 f4 33. Bf2
Bb3 34. h4 Bd5 35. h5 Kf6 36. Ra7 Kf5 37. Rh7 g4 38. fxg4+ Kxg4 39. Rxh6 Re5
40. Rf6 Rxh5 41. Bc5 Rf5 42. Rg6+ Kh5 43. Rg7 Rg5 44. Rxg5+ Kxg5 45. Bd4 Kf5
46. Bc5 Ke4 47. Kh1 Bc4 48. Kg1 Be6 49. Kf2 Bf5 50. Bd6 Bg4 51. Bf8 Bd7 52. Be7
Bc8 53. Bd6 Bb7 54. g4 Bc8 55. g5 Bf5 56. Be7 Bg6 57. Bf6 Be8 58. Be7 Bh5 59.
Bd8 Bf7 60. Bf6 Kf5 61. Ke2 Bh5+ 62. Kf2 Be8 63. Kf1 Ke4 64. Kf2 Bg6 65. Bd8
Kf5 66. Be7 Bf7 67. Ke2 Kg4 68. Kf2 Bg6 69. Bf6 Be4 70. Kf1 Kf3 71. Be7 Bd3+
72. Ke1 Kg2 73. Bc5 f3 74. Bd4 Be4 75. Bb6 Bf5 76. Bf2 Bh7 77. Bd4 Bd3 78. Bc5
Bc2 79. Bd4 Bg6 80. Bc5 Bb1 81. Bf2 Bf5 82. Bc5 Kg3 83. Bd6+ Kg4 84. Kf2 Be4
85. Be7 Kf4 86. Bd8 Bg6 87. Bc7+ Kg4 88. Bb6 Bf7 89. Bc5 Be8 90. Be7 Bh5 91.
Bd8 Kf4 92. Be7 Bg6 93. Bd6+ Kg4 94. Bc5 Bf7 95. Bd6 Bh5 96. Be7 Kf4 97. Bd8
Bf7 98. Bc7+ Ke4 99. Bd6 Bh5 100. Kg3 Ke3 101. Bc5+ Ke2 102. Bd4 Bf7 103. Bf2
Bg6 104. Bb6 Bb1 105. Bf2 Bf5 106. Bc5 Bh7 107. Bf2 1/2-1/2

[Event "ICS rated standard match"]
[Site "204.178.125.65"]
[Date "2000.04.04"]
[Round "?"]
[White "e-m29"]
[Black "Hossa"]
[Result "1-0"]
[WhiteElo "2000"]
[BlackElo "2295"]
[PlyCount "159"]

1. e4 e5 2. Nf3 Nc6 3. Bb5 a6 4. Ba4 Nf6 5. O-O Be7 6. Re1 b5 7. Bb3 d6 8. c3
O-O 9. h3 Bb7 10. d4 Re8 11. Ng5 Rf8 12. Nf3 Re8 13. Nbd2 Qd7 14. d5 Na5 15.
Bc2 c6 16. b4 Nc4 17. Nxc4 bxc4 18. dxc6 Bxc6 19. Qe2 Rac8 20. Bb2 Ba8 21. Rad1
Qc7 22. a4 Rb8 23. a5 Red8 24. Ba3 Rb7 25. Bc1 Rbb8 26. Be3 Nd7 27. Ng5 Rf8 28.
Rd2 Nf6 29. Nf3 Bd8 30. Rdd1 Nxe4 31. Bb6 Nxc3 32. Qd2 Qc6 33. Qxc3 Bxb6 34.
Be4 Bd4 35. Nxd4 exd4 36. Rxd4 Qb5 37. Bxa8 Rxa8 38. Rg4 g6 39. Rxc4 Ra7 40.
Rd1 Rd7 41. Rc6 Re8 42. Rdxd6 Rxd6 43. Rxd6 Qe2 44. Qf6 Ra8 45. Rd7 Qc4 46. Kh2
h6 47. Re7 Kf8 48. g3 Kg8 49. Rd7 Qa2 50. Rc7 Qd5 51. h4 h5 52. Re7 Qa2 53. Rd7
Qc4 54. b5 axb5 55. a6 Rf8 56. Qb6 Kg7 57. a7 Ra8 58. Rd8 Rxa7 59. Qxa7 Qc3 60.
Qe7 Qb2 61. Qf8+ Kh7 62. Qxf7+ Qg7 63. Qxg7+ Kxg7 64. Rb8 b4 65. Rxb4 Kh7 66.
f4 Kg7 67. Kg2 Kf7 68. Rb5 Ke6 69. Kf3 Kf6 70. Ke3 Ke6 71. Ke4 Kf7 72. Ke5 Ke7
73. Rb7+ Kd8 74. Kd6 Ke8 75. Ra7 Kf8 76. Ke6 g5 77. fxg5 Kg8 78. Kf6 Kh8 79.
Kg6 Kg8 80. Ra8# 1-0

[Event "ICS rated blitz match"]
[Site "204.178.125.65"]
[Date "2000.04.04"]
[Round "?"]
[White "Hossa"]
[Black "Kamberi"]
[Result "1-0"]
[WhiteElo "2506"]
[BlackElo "2154"]
[PlyCount "39"]

1. e4 e5 2. Nf3 Nc6 3. Nc3 Nf6 4. Nxe5 Nxe5 5. d4 Ng6 6. e5 Ng8 7. Bc4 Bb4 8.
Qf3 Qe7 9. O-O Bxc3 10. bxc3 Nh6 11. Re1 O-O 12. Bxh6 gxh6 13. Re3 d6 14. exd6
Qxd6 15. Rae1 Bd7 16. Qxb7 Bc6 17. Qa6 Rfb8 18. Bb3 Bb5 19. Qxd6 cxd6 20. Bd5
1-0

[Event "ICS rated blitz match"]
[Site "204.178.125.65"]
[Date "2000.04.04"]
[Round "?"]
[White "alta2"]
[Black "Hossa"]
[Result "1-0"]
[WhiteElo "2243"]
[BlackElo "2510"]
[PlyCount "125"]

1. e4 e5 2. Nf3 Nc6 3. Bb5 a6 4. Ba4 Nf6 5. d4 exd4 6. O-O Bc5 7. e5 Ng4 8. h3
Ngxe5 9. Nxe5 Nxe5 10. Re1 f6 11. f4 d3+ 12. Be3 dxc2 13. Bxc2 Bxe3+ 14. Rxe3
d6 15. Qh5+ Kf8 16. fxe5 dxe5 17. Bb3 Qe8 18. Qf3 Qc6 19. Qxc6 bxc6 20. Nd2 Ke7
21. Rc1 Bd7 22. Ne4 f5 23. Nc5 e4 24. Nxd7 Kxd7 25. Rec3 g6 26. Rd1+ Kc8 27.
Be6+ Kb7 28. Rb3+ Ka7 29. Rd7 Rab8 30. Rxc7+ Ka8 31. Rxc6 Rxb3 32. Bxb3 Kb7 33.
Bd5 Rd8 34. Rd6+ Kc7 35. Rxd8 Kxd8 36. b4 Kc7 37. Kf2 Kb6 38. Bg8 h6 39. Bh7 g5
40. Bxf5 Kb5 41. Bc8 Kxb4 42. Bxa6 Ka5 43. Ke3 Kxa6 44. Kxe4 Kb5 45. Kf5 Kc5
46. Kg6 h5 47. Kxh5 Kd5 48. Kxg5 Ke6 49. h4 Kf7 50. h5 Kg8 51. a4 Kf7 52. a5
Ke7 53. a6 Kd6 54. a7 Kc5 55. h6 Kd4 56. a8=Q Kd3 57. Qa2 Kd4 58. Qf2+ Kc4 59.
h7 Kb4 60. h8=Q Kc4 61. Qfd4+ Kb5 62. Qb8+ Kc6 63. Qdd6# 1-0

[Event "ICS rated blitz match"]
[Site "204.178.125.65"]
[Date "2000.04.04"]
[Round "?"]
[White "kali"]
[Black "Hossa"]
[Result "0-1"]
[WhiteElo "1963"]
[BlackElo "2503"]
[PlyCount "96"]

1. d4 d5 2. c4 e6 3. Nc3 Nf6 4. Bg5 Be7 5. e3 O-O 6. Nf3 Nbd7 7. cxd5 exd5 8.
Bd3 c6 9. Qc2 Re8 10. O-O-O Nf8 11. Ne5 Be6 12. f3 N6d7 13. Bxe7 Rxe7 14. f4 f6
15. Nxd7 Qxd7 16. h3 Rae8 17. g4 Bf7 18. e4 dxe4 19. Bxe4 Qc7 20. Rhf1 Qa5 21.
a3 Qb6 22. Qg2 Bc4 23. Rg1 Qc7 24. Qf3 Ne6 25. d5 Qxf4+ 26. Qxf4 Nxf4 27. dxc6
Rxe4 28. Nxe4 Ne2+ 29. Kc2 Nxg1 30. c7 Be6 31. Rd8 Rf8 32. Nd6 Nxh3 33. Rxf8+
Kxf8 34. c8=Q+ Bxc8 35. Nxc8 Nf2 36. Nxa7 Ke7 37. Kd2 Nxg4 38. Nb5 h6 39. b4 g6
40. a4 Ne5 41. Nd4 Nc4+ 42. Ke2 Kd6 43. a5 Na3 44. Ke3 Kd5 45. Kd3 Nc4 46. Kc3
f5 47. Nb3 Nd6 48. b5 Nxb5+ 0-1

[Event "ICS rated blitz match"]
[Site "204.178.125.65"]
[Date "2000.04.04"]
[Round "?"]
[White "Hossa"]
[Black "kali"]
[Result "1-0"]
[WhiteElo "2504"]
[BlackElo "1962"]
[PlyCount "30"]

1. e4 c5 2. Nf3 e6 3. d4 cxd4 4. Nxd4 a6 5. Nc3 b5 6. Bd3 Bb7 7. O-O Qc7 8. Be3
Nf6 9. Re1 Be7 10. Bg5 d6 11. Bxf6 Bxf6 12. Bxb5+ axb5 13. Ndxb5 Qb6 14. Qxd6
Bd8 15. Qxb6 Bxb6 1-0

[Event "ICS rated blitz match"]
[Site "204.178.125.65"]
[Date "2000.04.04"]
[Round "?"]
[White "kali"]
[Black "Hossa"]
[Result "0-1"]
[WhiteElo "1961"]
[BlackElo "2505"]
[PlyCount "66"]

1. e4 e5 2. Bc4 Nf6 3. Nc3 Nc6 4. d3 Bb4 5. a3 Bxc3+ 6. bxc3 d5 7. exd5 Nxd5 8.
Bd2 O-O 9. Qf3 Nb6 10. Ba2 Qh4 11. Ne2 Be6 12. Bxe6 fxe6 13. Qg3 Qh5 14. f3 Qf7
15. O-O Nd5 16. Rae1 Nde7 17. Qg4 Nf5 18. Ng3 Rad8 19. Re4 Qe7 20. a4 Qc5+ 21.
Kh1 a6 22. Rc4 Qa7 23. Re4 Rf7 24. Re2 Re8 25. Ne4 Ref8 26. Ng5 Rf6 27. Ne4 Rg6
28. Qh5 b5 29. axb5 axb5 30. Be1 Qa1 31. Rg1 Qa2 32. Bh4 Rh6 33. Qg4 Rxh4 0-1

[Event "ICS rated blitz match"]
[Site "204.178.125.65"]
[Date "2000.04.04"]
[Round "?"]
[White "Hossa"]
[Black "kali"]
[Result "1-0"]
[WhiteElo "2506"]
[BlackElo "1960"]
[PlyCount "78"]

1. e4 e6 2. d4 d5 3. Nc3 Nf6 4. Bg5 Bb4 5. e5 h6 6. Bd2 Bxc3 7. bxc3 Ne4 8. Nf3
c5 9. Bd3 Nxd2 10. Qxd2 Qa5 11. dxc5 Qxc5 12. O-O Nc6 13. a4 a6 14. Rfd1 O-O
15. Rab1 Rb8 16. Rb3 Na5 17. Rb4 Bd7 18. Rdb1 Bc6 19. Bxa6 Nc4 20. Bxc4 dxc4
21. Qd4 Qa5 22. Qxc4 Bxf3 23. gxf3 Qxe5 24. Rxb7 Rxb7 25. Rxb7 Qg5+ 26. Kf1
Qc1+ 27. Kg2 Qxc2 28. a5 Qg6+ 29. Qg4 Ra8 30. Qxg6 fxg6 31. Rb5 Kf7 32. c4 Ke7
33. f4 Kd6 34. Kf3 Kc6 35. Ke3 Rf8 36. Re5 Rf6 37. h4 Kb7 38. c5 g5 39. fxg5
hxg5 1-0

[Event "ICS rated blitz match"]
[Site "204.178.125.65"]
[Date "2000.04.04"]
[Round "?"]
[White "kali"]
[Black "Hossa"]
[Result "0-1"]
[WhiteElo "1959"]
[BlackElo "2507"]
[PlyCount "20"]

1. e3 e5 2. d4 exd4 3. exd4 d5 4. Nc3 Nf6 5. Bd3 Bb4 6. Nge2 O-O 7. O-O Be6 8.
a3 Be7 9. f3 c5 10. Be3 c4 0-1

[Event "ICS rated blitz match"]
[Site "204.178.125.65"]
[Date "2000.04.04"]
[Round "?"]
[White "Hossa"]
[Black "kali"]
[Result "1-0"]
[WhiteElo "2508"]
[BlackElo "1958"]
[PlyCount "127"]

1. e4 e6 2. d4 d5 3. exd5 exd5 4. Bd3 Bd6 5. Nc3 Ne7 6. Nf3 c6 7. O-O Bf5 8.
Bxf5 Nxf5 9. Re1+ Ne7 10. Qe2 O-O 11. Bf4 Ng6 12. Bg5 Qc7 13. a3 Nd7 14. g3 h6
15. Bd2 Nf6 16. Rac1 Rfe8 17. Qf1 Qd7 18. Rxe8+ Rxe8 19. Qg2 Qf5 20. b4 a6 21.
Nd1 Ne4 22. Ne3 Qd7 23. c4 Ne7 24. Re1 Nf5 25. Qh3 g6 26. Nxf5 Qxf5 27. Qxf5
gxf5 28. cxd5 cxd5 29. Bxh6 Rc8 30. Nh4 Rc3 31. Nxf5 Rxa3 32. Rxe4 dxe4 33.
Nxd6 Rb3 34. Nxe4 Rxb4 35. Nf6+ Kh8 36. d5 Rd4 37. f3 a5 38. Kf1 a4 39. Ke2 a3
40. Bc1 a2 41. Bb2 Rb4 42. Be5 Rb1 43. Ne4+ Kh7 44. Nd6 Kg6 45. h4 a1=Q 46.
Bxa1 Rxa1 47. Nxb7 Kf6 48. d6 Ke6 49. Nd8+ Kxd6 50. Nxf7+ Kd5 51. Ke3 Ra4 52.
Ng5 Ke5 53. g4 Ra3+ 54. Kf2 Ra6 55. Kg3 Ra3 56. h5 Kf6 57. Ne4+ Ke5 58. h6 Ra7
59. Kh4 Kf4 60. Ng5 Ra1 61. Kh5 Ra5 62. h7 Rxg5+ 63. Kh4 Kxf3 64. Kxg5 1-0

[Event "ICS rated blitz match"]
[Site "204.178.125.65"]
[Date "2000.04.04"]
[Round "?"]
[White "kali"]
[Black "Hossa"]
[Result "1/2-1/2"]
[WhiteElo "1957"]
[BlackElo "2509"]
[PlyCount "88"]

1. c4 e5 2. e3 Nf6 3. Nc3 Bb4 4. Nge2 O-O 5. a3 Be7 6. d4 exd4 7. Nxd4 d5 8.
cxd5 Nxd5 9. Nxd5 Qxd5 10. Qf3 Qxf3 11. Nxf3 Nd7 12. Be2 Nc5 13. Nd4 Bf6 14. b4
Bxd4 15. exd4 Nb3 16. Rb1 Nxd4 17. Bb2 Nxe2 18. Kxe2 Bg4+ 19. f3 Bf5 20. Rbc1
Rad8 21. Rhd1 Rfe8+ 22. Kf2 Rd6 23. Rxd6 cxd6 24. Re1 Rd8 25. Bd4 b6 26. a4 d5
27. a5 bxa5 28. bxa5 a6 29. Re7 f6 30. g4 Bd3 31. g5 Rd6 32. gxf6 gxf6 33. h4
h5 34. Ke3 Bf1 35. Bc5 Rc6 36. Kd4 Bc4 37. f4 f5 38. Re5 Rf6 39. Re8+ Kh7 40.
Ke5 Rf7 41. Bd4 Kg6 42. Rg8+ Kh7 43. Re8 Kg6 44. Rg8+ Kh7 1/2-1/2

[Event "ICS rated blitz match"]
[Site "204.178.125.65"]
[Date "2000.04.04"]
[Round "?"]
[White "JaimeK"]
[Black "Hossa"]
[Result "0-1"]
[WhiteElo "1979"]
[BlackElo "2494"]
[PlyCount "76"]

1. d4 d5 2. c4 dxc4 3. Nf3 Nf6 4. Nc3 a6 5. a4 Nc6 6. e4 Bg4 7. Be3 e5 8. d5
Na5 9. Be2 Bb4 10. Qc2 Nb3 11. Rd1 Bxf3 12. gxf3 b5 13. axb5 axb5 14. O-O Bxc3
15. Qxc3 Qd6 16. Bg5 Ra2 17. f4 Nxe4 18. Qxe5+ Qxe5 19. fxe5 Nxg5 20. Bg4 h5
21. Bf5 Nf3+ 22. Kh1 Rxb2 23. d6 c5 24. Be4 Nfd4 25. Bd5 Re2 26. f4 g6 27. Bb7
b4 28. Ba6 Nd2 29. Rxd2 Rxd2 30. Bxc4 Kf8 31. Ra1 Kg7 32. Ra7 Rf8 33. d7 Nf3
34. Ra2 Rxd7 35. Rf2 Rd1+ 36. Kg2 Nd4 37. h4 Nf5 38. Rc2 Ne3+ 0-1

[Event "ICS rated blitz match"]
[Site "204.178.125.65"]
[Date "2000.04.04"]
[Round "?"]
[White "Hossa"]
[Black "JaimeK"]
[Result "1-0"]
[WhiteElo "2496"]
[BlackElo "1977"]
[PlyCount "96"]

1. e4 c5 2. Nf3 Nc6 3. d4 cxd4 4. Nxd4 Nf6 5. Nc3 d6 6. Bc4 e6 7. Be3 Be7 8.
Qe2 O-O 9. O-O-O Bd7 10. Ndb5 Be8 11. Bf4 e5 12. Bg5 a6 13. Bxf6 gxf6 14. Na3
b5 15. Bd5 b4 16. Bxc6 Bxc6 17. Qc4 Qb6 18. Qb3 Rab8 19. Nc4 Qxf2 20. Nd5 Bxd5
21. Rxd5 Qf4+ 22. Qe3 Qxe3+ 23. Nxe3 Rfc8 24. Nf5 Kf8 25. Nxd6 Rd8 26. Nf5 Rxd5
27. exd5 Rd8 28. Rd1 Bc5 29. c4 Ke8 30. Rd3 Kd7 31. Rh3 Rh8 32. Rh6 Rg8 33.
Rxh7 Rg5 34. Rxf7+ Ke8 35. Rxf6 Rxg2 36. h4 e4 37. Rxa6 e3 38. Re6+ Kf7 39.
Nxe3 Re2 40. Nc2 Rxe6 41. dxe6+ Kxe6 42. Ne1 Be3+ 43. Kc2 Kd6 44. Nd3 Bd4 45.
h5 Kc6 46. b3 Bc3 47. h6 Kb6 48. Nxb4 Bxb4 1-0

[Event "ICS rated blitz match"]
[Site "204.178.125.65"]
[Date "2000.04.04"]
[Round "?"]
[White "JaimeK"]
[Black "Hossa"]
[Result "0-1"]
[WhiteElo "1975"]
[BlackElo "2498"]
[PlyCount "94"]

1. d4 d5 2. c4 e6 3. Nc3 Nf6 4. Bg5 Be7 5. e3 O-O 6. Nf3 Nbd7 7. cxd5 exd5 8.
Bd3 c6 9. Qc2 Re8 10. O-O g6 11. Rab1 Nb6 12. b4 Nc4 13. b5 Na3 14. Qa4 Nxb1
15. Rxb1 Ne4 16. Bxe7 Nxc3 17. Bxd8 Nxa4 18. Ba5 b6 19. Bd2 c5 20. dxc5 bxc5
21. Rc1 Bg4 22. Bc2 Nb6 23. Bd1 Nc4 24. Bc3 f5 25. a4 f4 26. exf4 Rac8 27. Ne5
Nxe5 28. Bxe5 Bxd1 29. Rxd1 d4 30. a5 Re6 31. Kf1 Kf7 32. Ke2 Ke7 33. Kd3 c4+
34. Kc2 d3+ 35. Kc3 Kf7 36. Rb1 Re7 37. b6 Rb7 38. Rb4 Rd8 39. Kd2 axb6 40.
axb6 Ke6 41. Bc7 c3+ 42. Kxc3 d2 43. Re4+ Kf7 44. Rd4 Rxd4 45. Kxd4 d1=Q+ 46.
Ke4 Qe2+ 47. Kd4 Qxf2+ 0-1

[Event "ICS Rated standard match"]
[Site "204.178.125.65"]
[Date "2000.04.04"]
[Round "?"]
[White "star"]
[Black "Hossa"]
[Result "0-1"]
[WhiteElo "2574"]
[BlackElo "2294"]
[PlyCount "113"]

1. c4 e5 2. Nc3 Nf6 3. g3 d5 4. cxd5 Nxd5 5. Bg2 Nb6 6. Nf3 Nc6 7. d3 Be7 8. a3
O-O 9. O-O Bg4 10. Be3 Qc8 11. b4 Rd8 12. b5 Bxf3 13. exf3 Nd4 14. f4 exf4 15.
Bxf4 Bf6 16. Rc1 Ne6 17. Be3 Bxc3 18. Rxc3 Nd5 19. Rc1 Qd7 20. Qb3 Nxe3 21.
fxe3 Qxd3 22. Rc3 Qd6 23. Bxb7 Rab8 24. Bc6 Ng5 25. Qc2 g6 26. e4 Qd4+ 27. Kh1
Qe5 28. Rc5 Qe7 29. Bd5 Rd7 30. a4 Rb6 31. Rc4 Rf6 32. Rd1 Nh3 33. Rd2 Qe5 34.
Qc3 Nf2+ 35. Kg1 Qxc3 36. Rxc3 Nxe4 37. Rxc7 Rf1+ 38. Kg2 Rxc7 39. Bxe4 Ra1 40.
Rd4 Ra2+ 41. Kh3 h5 42. Bc6 g5 43. g4 Ra3+ 44. Kg2 Re7 45. Kf1 Ra1+ 46. Kf2
Ra2+ 47. Kf3 Rxh2 48. Rd8+ Kg7 49. gxh5 f5 50. Rd5 Kf6 51. Rd6+ Ke5 52. Rd5+
Ke6 53. b6 axb6 54. Rb5 Kf6 55. Rxb6 Re6 56. a5 Rxh5 57. Bd5 0-1

[Event "ICS rated blitz match"]
[Site "204.178.125.65"]
[Date "2000.04.04"]
[Round "?"]
[White "Hossa"]
[Black "QueenMaxima"]
[Result "0-1"]
[WhiteElo "2500"]
[BlackElo "2573"]
[PlyCount "108"]

1. e4 Nf6 2. e5 Nd5 3. d4 d6 4. Nf3 Bg4 5. Be2 c6 6. Ng5 Bf5 7. Bg4 Bxg4 8.
Qxg4 h6 9. Nf3 dxe5 10. Nxe5 Nd7 11. Nxd7 Qxd7 12. Qxd7+ Kxd7 13. c4 Nb6 14. b3
g6 15. Nc3 Bg7 16. Be3 h5 17. Ne4 Nc8 18. Nc5+ Kc7 19. Bf4+ Nd6 20. Rd1 Kb6 21.
Na4+ Ka5 22. Bxd6 exd6 23. O-O Rae8 24. Nc3 Kb4 25. Rd3 Re7 26. f4 Rhe8 27. Rc1
Bxd4+ 28. Rxd4 Re1+ 29. Rxe1 Rxe1+ 30. Kf2 Kxc3 31. Kxe1 Kxd4 32. Kd2 Ke4 33.
g3 Kf3 34. a3 Kg2 35. Ke1 Kxh2 36. Kf2 f5 37. a4 a5 38. Kf3 Kg1 39. Ke3 Kg2 40.
Kd3 Kxg3 41. Ke2 Kg2 42. Kd3 c5 43. Kc2 Kg3 44. b4 axb4 45. a5 Kxf4 46. Kd3 h4
47. Ke2 h3 48. a6 bxa6 49. Kd2 h2 50. Kd3 h1=Q 51. Kc2 Qh2+ 52. Kc1 b3 53. Kd1
Ke3 54. Ke1 Qe2# 0-1